• 首页
  • 本馆介绍
  • 公告通知
  • 最新文献
  • 馆藏检索
  • 电子资源
  • 读者导购
  • 参考咨询
  • 我的图书馆
  • 登录
  • 详细信息显示
  • 放入我的书架
  • 预约/预借图书
  • 作者相关作品
  • 分类相关作品
  • 丛书相关作品
  • 出版社相关作品

书目信息

  • 表格格式
  • 工作单格式
  • 卡片格式
题名:
有机茶生产与加工技术
    
 
作者: 强继业 , 单治国 , 张春花 著
分册:  
出版信息: 沈阳   沈阳出版社  2021.06
页数: 184页
开本: 24cm
丛书名:
单 册:
中图分类: S571.1 , TS272.4
科图分类:
主题词: 无污染茶园--wu wu ran cha yuan--生产技术 , 制茶工艺--zhi cha gong yi
电子资源:
ISBN: 978-7-5716-1564-2
000 01183nam0 2200289 450
001 CAL 0120217221555
005 20230217093112.0
010    @a978-7-5716-1564-2@dCNY65.00
100    @a20210805d2021 em y0chiy0120 ea
101 0  @achi
102    @aCN@b210000
105    @aak a 000yy
106    @ar
200 1  @a有机茶生产与加工技术@Ayou ji cha sheng chan yu jia gong ji shu@f强继业, 单治国, 张春花著
210    @a沈阳@c沈阳出版社@d2021.06
215    @a184页@c图@d24cm
320    @a有书目 (第143-144页)
330    @a本书系有机茶生产、加工方面的著作, 涵盖了有机农业与有机茶、有机茶基地建设、有机茶园土壤管理、有机茶园施肥、有机茶园病虫草害的防治、有机茶加工、有机茶标识与销售、有机茶管理体系、有机茶的生产技术等方面的内容, 本书的文字通俗易懂、深入浅出, 对于人们更好地了解和掌握有机茶方面的知识有一定的作用, 对于推广有机茶有积极的意义。
606 0  @a无污染茶园@Awu wu ran cha yuan@x生产技术
606 0  @a制茶工艺@Azhi cha gong yi
690    @aS571.1@v5
690    @aTS272.4@v5
701  0 @a强继业@Aqiang ji ye@4著
701  0 @a单治国@Ashan zhi guo@4著
701  0 @a张春花@Azhang chun hua@4著
801  0 @aCN@bBJXHZP@c20230228
905    @b1382236-9@dS571.1@e143@f4
    
    有机茶生产与加工技术/强继业, 单治国, 张春花著.-沈阳:沈阳出版社,2021.06
    184页:图;24cm
    
    
    ISBN 978-7-5716-1564-2:CNY65.00
    本书系有机茶生产、加工方面的著作, 涵盖了有机农业与有机茶、有机茶基地建设、有机茶园土壤管理、有机茶园施肥、有机茶园病虫草害的防治、有机茶加工、有机茶标识与销售、有机茶管理体系、有机茶的生产技术等方面的内容, 本书的文字通俗易懂、深入浅出, 对于人们更好地了解和掌握有机茶方面的知识有一定的作用, 对于推广有机茶有积极的意义。
●
相关链接 在E读中查询图书 在五车中查询图书 在当当中查询图书 在豆瓣中查询图书


正题名:有机茶生产与加工技术     索取号:S571.1/143         预约/预借

序号 登录号 条形码 馆藏地/架位号 状态 备注
1 1382236   213822363   第二样本阅览室/ [索取号:S571.1/143] 在馆    
2 1382237   213822372   第三借阅区/ [索取号:S571.1/143] 在馆    
3 1382238   213822381   第三借阅区/ [索取号:S571.1/143] 在馆    
4 1382239   213822390   第三借阅区/ [索取号:S571.1/143] 在馆    
唐山师范学院图书馆 欢迎您!
大连网信软件有限公司© 版权所有